Normal view
MARC view
- Stress management in children
Entry Topical Term
001 - CONTROL NUMBER
- control field: 33815
003 - CONTROL NUMBER IDENTIFIER
- control field: OSt
005 - DATE AND TIME OF LATEST TRANSACTION
- control field: 20190111133425.0
008 - FIXED-LENGTH DATA ELEMENTS
- fixed length control field: 190111|| aca||aabn | a|a d
040 ## - CATALOGING SOURCE
- Original cataloging agency: OSt
- Transcribing agency: OSt
150 ## - HEADING--TOPICAL TERM
- Topical term or geographic name entry element: Stress management in children
670 ## - SOURCE DATA FOUND
- Source citation: Work cat.: (OSt)11886: Arellano-carandang, Maria Lourdes 33813, Filipino children under stress:, ©1987
